Riconosci l'Anno dagli eventi - Quiz n°9 - Statistics

Statistiche generali
  • Questo quiz è stato fatto 65 volte
  • Il punteggio medio è 14 su 15
Statistiche sulle risposte
Indizio Risposta % Corretto
A 17 gennaio – Paula Jones accusa il presidente statunitense Bill Clinton di molestie sessuali.
98%
F 1º giugno -- Viene istituita la Banca centrale europea incaricata dell'attuazione della politica monetaria per i diciannove paesi dell'Unione europea che hanno aderito alla moneta unica e che formano la cosiddetta zona euro. Succede all'Istituto Monetario Europeo.
96%
E 1º maggio – Bruxelles: l'Ecofin si riunisce per approvare la lista dei paesi dell'Euro.
96%
B 21 gennaio – visita apostolica di Papa Giovanni Paolo II all'isola di Cuba. È la prima grande manifestazione cattolica a Cuba dai tempi della rivoluzione.
96%
D 23 marzo – il colossal Titanic di James Cameron, interpretato da Leonardo DiCaprio e Kate Winslet, si aggiudica undici premi Oscar su 14 candidature, eguagliando il precedente record di Ben-Hur, che durava dal 1960.
96%
C 7-22 febbraio – Nagano, Giappone: XVIII Giochi olimpici invernali
96%
G 7 giugno -- Marco Pantani vince il Giro d'Italia dopo le numerose imprese in montagna e l'ottima cronometro del giorno precedente. Al secondo posto si classifica Pavel Tonkov, al terzo l'italiano Guerini.
96%
N 19 novembre – viene rilasciato il videogioco Half-Life, prodotto dalla Valve Corporation.
95%
M 1º novembre – il pilota finlandese Mika Häkkinen su McLaren conquista il Campionato mondiale piloti di Formula 1.
95%
O 30 dicembre – il calciatore francese Zinédine Zidane vince il Pallone d'oro quale miglior giocatore europeo.
95%
P 31 dicembre – vengono fissati i tassi irrevocabili di conversione con l'euro di 11 valute europee.
95%
I 4 settembre – Larry Page e Sergey Brin, studenti dell'Università di Stanford, fondano la società Google Inc.
95%
H 6 luglio – l'americano Pete Sampras vince il Torneo di tennis di Wimbledon.
95%
L 9 settembre – muore a Milano il cantante Lucio Battisti.
95%
Anno 1998
93%
Nessun quiz corrispondente trovato
Distribuzione punteggi
Percentuale di utenti per punteggio
Percentile per numero di risposta
I tuoi punteggi nel tempo
Non hai fatto questo quiz